| 000 | 00718nam a22002057a 4500 | ||
|---|---|---|---|
| 999 |
_c6761 _d6761 |
||
| 003 | AR-CdUCM | ||
| 008 | 190319b ||||| |||| 00| 0 spa d | ||
| 040 |
_aMUNICIPALIDAD PROVINCIAL DEL CUSCO _cBIBLIOTECA MUNICIPAL DEL CUSCO |
||
| 082 |
_28ed. _a346.2 / _bC79 |
||
| 100 |
_aCornejo Chávez, Héctor _99311 |
||
| 245 | _aDerecho familiar peruano / | ||
| 260 |
_aLima : _bLibreria Studium, _c1991. |
||
| 300 |
_a2 tomos ; _c24 cm. |
||
| 505 | _aContenido: t.1. Sociedad conyugal -- t.2. Sociedad paterno-filial. Amparo familiar del incapaz. | ||
| 650 |
_aDerecho de familia _919034 |
||
| 650 |
_aMatrimonio (Derecho civil) _919035 |
||
| 650 |
_aCuratela (Derecho civil) _919036 |
||
| 942 |
_2ddc _cLIBROS |
||
| 945 | _azta | ||